000 00757nam a2200241 a 4500
005 20240806064105.0
008 041014s2001 es r 000 0 spa d
020 _a843760687X
035 _aUPN01000135702
049 _aCG
050 4 _aPT2635 I6.5
_bE4.3 2001
100 1 _aRilke, Rainer María,
_d1875-1926
_930247
245 1 0 _aElegías de Duino ; Los sonetos de Orfeo /
_cRainer María Rilke ; tr. Eustaquio Barjau.
250 _a5a ed.
260 _aMadrid :
_bCátedra,
_c2001.
300 _a280 p.
440 0 _aLetras universitarias ;
_v70
534 _pTraducción de:
_tDumiser Elegien. Sonette an Orpheus /
650 4 _aLiteratura alemana
_910466
650 4 _aPOESIA ALEMANA
_91218
740 4 _aLos sonetos de Orfeo
905 _aLibro
999 _c107853
_d107853